Minecraft by letter - R - Statistics

General Stats
  • This quiz has been taken 47 times
  • The average score is 10 of 13
Answer Stats
Hint Answer % Correct
One of the largest mobs in game, only found in survival via a raid Ravager
95%
Many food items have a cooked and a what varient Raw
95%
A ore found deep in the caves, and used to make automatic farms Redstone
92%
A food source dropped by zombies, zombie villagers, husks, and drowneds that gives you the hunger effect Rotten Flesh
90%
A mob found in sunflower plains, deserts, and snow biomes, and is a passive mob Rabbit
82%
A trident enchantment that propels you through the air Riptide
77%
An old ore removed by Minecraft, was used as a better way to trade with villagers instead of emeralds Ruby
74%
A structure with OP chests anf gold blocks in it, found in the nether and the overworld Ruined Portal
74%
You can use these to make your elytra more useful Rocket
72%
An enchantment you can put on a helmet to increase the time you can stay underwater Respiration
69%
There is an ocean variant and a land variant, called the trail _____ and the ocean _____ Ruins
67%
The newest ore in Minecraft, found on trees in the pale garden Resin
62%
One of the three types of dirt Rooted
49%
No matching quizzes found
Score Distribution
Percent of People with Each Score
Percentile by Number Answered
Your Score History
You have not taken this quiz